OPAC Home

ETHNOGRAPHY (CASTES AND TRIBES) (Record no. 146061)

MARC details
000 -LEADER
fixed length control field 00440nam a22001697a 4500
003 - CONTROL NUMBER IDENTIFIER
control field LK-CoDNM
005 - DATE AND TIME OF LATEST TRANSACTION
control field 20240724123139.0
008 - FIXED-LENGTH DATA ELEMENTS--GENERAL INFORMATION
fixed length control field 240724b |||||||| |||| 00| 0 eng d
040 ## - CATALOGING SOURCE
Original cataloging agency LK-CoDNM
Modifying agency LK-CoDNM
Description conventions LK-CoDNM
041 ## - LANGUAGE CODE
Language code of text/sound track or separate title English
080 ## - UNIVERSAL DECIMAL CLASSIFICATION NUMBER
Universal Decimal Classification number 8
Item number Y6
942 ## - ADDED ENTRY ELEMENTS (KOHA)
Koha item type Books
100 ## - MAIN ENTRY--PERSONAL NAME
Personal name BAINES ATHELSTANE
245 ## - TITLE STATEMENT
Title ETHNOGRAPHY (CASTES AND TRIBES)
260 ## - PUBLICATION, DISTRIBUTION, ETC. (IMPRINT)
Place of publication, distribution, etc. Strassburg
Name of publisher, distributor, etc. Verlag Von Karal J. Trubner
Date of publication, distribution, etc. 1912
300 ## - PHYSICAL DESCRIPTION
Extent 211p. ; 25 cm
Holdings
Withdrawn status Lost status Damaged status Not for loan Collection code Permanent Location Current Location Shelving location Date acquired Full call number Barcode Koha item type
    Damaged   Old Books Collection Library National Museum Colombo - Sri Lanka Library National Museum Colombo - Sri Lanka Reference 2024-07-24 8 Y6 OB2837 Books
Copyright © 2023 Department of National Museum, Colombo 07, Sri Lanka Funded by UNESCO IFAP UNESCO